Loading...
History - Other History | 0 | 6 | 1 | 1 | 55 | 59 | 84.83 | 4 | 6 |
Science - Biology | 0 | 5 | 0 | 0 | 50 | 34 | 63.80 | 3 | 5 |
History - American History | 0 | 4 | 1 | 2 | 35 | 98 | 110.75 | 0 | 4 |
Fine Arts - Other Fine Arts | 0 | 3 | 0 | 1 | 30 | 87 | 103.67 | 2 | 3 |
Philosophy | 0 | 3 | 0 | 1 | 30 | 129 | 134.67 | 1 | 3 |
History - World History | 0 | 3 | 1 | 0 | 25 | 48 | 75.67 | 2 | 3 |
History - European History | 0 | 2 | 0 | 0 | 20 | 98 | 102.00 | 0 | 2 |
Literature - European Literature | 0 | 2 | 0 | 1 | 20 | 93 | 108.50 | 1 | 2 |
Social Science | 0 | 2 | 0 | 0 | 20 | 87 | 97.00 | 0 | 2 |
Science - Chemistry | 0 | 2 | 1 | 0 | 15 | 73 | 74.50 | 1 | 2 |
Religion | 0 | 2 | 1 | 0 | 15 | 33 | 48.00 | 0 | 2 |
Other | 0 | 3 | 3 | 0 | 15 | 7 | 59.00 | 2 | 3 |
Literature - World Literature | 0 | 1 | 0 | 0 | 10 | 100 | 100.00 | 0 | 1 |
Fine Arts - Classical Music | 0 | 2 | 2 | 0 | 10 | 46 | 85.50 | 1 | 2 |
Science - Physics | 0 | 1 | 0 | 1 | 10 | 101 | 101.00 | 0 | 1 |
Mythology | 0 | 1 | 1 | 1 | 5 | 150 | 150.00 | 0 | 1 |
Literature - American Literature | 0 | 0 | 0 | 0 | 0 | 0.00 | 0 | 0 | |
Fine Arts - Painting & Sculpture | 0 | 0 | 1 | 0 | -5 | 0.00 | 0 | 0 |